| 000 -LEADER |
| fixed length control field |
01110pab a2200157 454500 |
| 008 - FIXED-LENGTH DATA ELEMENTS--GENERAL INFORMATION |
| fixed length control field |
180718b2001 xxu||||| |||| 00| 0 eng d |
| 100 ## - MAIN ENTRY--PERSONAL NAME |
| Personal name |
Medearis, John |
| 245 ## - TITLE STATEMENT |
| Title |
Ideology, democracy and the limits of equilibrium: a Schumpeterian critique |
| 260 ## - PUBLICATION, DISTRIBUTION, ETC. |
| Date of publication, distribution, etc. |
2001 |
| 300 ## - PHYSICAL DESCRIPTION |
| Extent |
p.355-88 |
| 362 ## - DATES OF PUBLICATION AND/OR SEQUENTIAL DESIGNATION |
| Dates of publication and/or sequential designation |
Apr |
| 520 ## - SUMMARY, ETC. |
| Summary, etc. |
Joseph Schumpeter's elite conception of democracy has inspired many political scientists to use the tools of equilibrium analysis to model democracy. But Schumpeter devoted much of his career as an economist to critiquing and transcending the limitations of equilibrium models. In particular, he became convinced that the equilibrium models of neoclassical economics could not adequately capture innovation as a dynamic force at the heart of capitalism. A new use of Schumpeter's critique shows that equilibrium models of democracy are similarly limited in their ability to capture the innovative creation and deployment of democratic ideologies as a source of political dynamism. - Reproduced |
| 650 ## - SUBJECT ADDED ENTRY--TOPICAL TERM |
| Topical term or geographic name entry element |
Democracy |
| 773 ## - HOST ITEM ENTRY |
| Main entry heading |
British Journal of Political Science |
| 909 ## - |
| -- |
49156 |